The disappearing girl : learning the language of teenage depression
| Main Author: | |
|---|---|
| Format: | Book |
| Published: |
New York :
A Plume Book ,
2006
|
| Subjects: |
MARC
| LEADER | 00000cam a2200000 7i4500 | ||
|---|---|---|---|
| 001 | 0000106949 | ||
| 005 | 20070319.0 | ||
| 020 | |a 0452287103 | ||
| 090 | 0 | 0 | |a 616.852700835 |b MAC |
| 100 | 1 | |a Machoian, Lisa | |
| 245 | 1 | 4 | |a The disappearing girl : |b learning the language of teenage depression |c Lisa Machoian |
| 260 | |a New York : |b A Plume Book , |c 2006 | ||
| 300 | |a 244p. ; |c 22cm. | ||
| 650 | 0 | 0 | |a Depression on adolescence |
| 650 | 0 | 0 | |a Teenage girls |x Mental health |
| 999 | |a 00199477 |b BUKU |c PINJAMAN |e PERPUSTAKAAN KOMUNITI PETALING JAYA | ||